རྫོང༌ཁག༌དགུ༌གི༌ལྷ༌ཁང༌དགོན༌སྡེའི༌གསུང༌རྟེན༌ཐོ༌བཀོད༌དང༌པར༌བཏབ༌པའི༌ཐོ། དེབ༌གཉིས༌པ། (Record no. 9055)

MARC details
000 -LEADER
fixed length control field 00648nam a22001217a 4500
008 - FIXED-LENGTH DATA ELEMENTS--GENERAL INFORMATION
fixed length control field 220729b |||||||| |||| 00| 0 eng d
020 ## - INTERNATIONAL STANDARD BOOK NUMBER
International Standard Book Number 9789993617273
082 ## - DEWEY DECIMAL CLASSIFICATION NUMBER
Classification number 954.98 LIS
245 ## - TITLE STATEMENT
Title རྫོང༌ཁག༌དགུ༌གི༌ལྷ༌ཁང༌དགོན༌སྡེའི༌གསུང༌རྟེན༌ཐོ༌བཀོད༌དང༌པར༌བཏབ༌པའི༌ཐོ། དེབ༌གཉིས༌པ།
Remainder of title List of texts registered and digitized in the temples and monasteries of nine Dzongkhags
Statement of responsibility, etc. Volume -2
260 ## - PUBLICATION, DISTRIBUTION, ETC.
Place of publication, distribution, etc. Thimphu :
Name of publisher, distributor, etc. National Library and Archives of Bhutan,
Date of publication, distribution, etc. 2016.
300 ## - PHYSICAL DESCRIPTION
Extent ix, 306 p.
Dimensions 21 cm.
942 ## - Added entry Elements (Koha)
Source of classification or shelving scheme Dewey Decimal Classification
Holdings
Withdrawn status Lost status Source of classification or shelving scheme Damaged status Not for loan Collection code Home library Current library Shelving location Date acquired Serial Enumeration / chronology Total Checkouts Full call number Barcode Date last seen Price effective from Koha item type
    Dewey Decimal Classification     Dzongkha RTC Library RTC Library Dzongkha 29/07/2022 16544   954.98 LIS 30015451 29/07/2022 29/07/2022 Dzongkha
    Dewey Decimal Classification     Dzongkha RTC Library RTC Library Dzongkha 29/07/2022 16543   954.98 LIS 30015443 29/07/2022 29/07/2022 Dzongkha
Royal Thimphu College || All Right Reserved